Salaries and sex (Record no. 78332)

MARC details
000 -LEADER
fixed length control field 01039cab a2200217 4500
001 - CONTROL NUMBER
control field ##L136530
008 - FIXED-LENGTH DATA ELEMENTS--GENERAL INFORMATION
fixed length control field 070206n2007 000 0 eng u
035 ## - SYSTEM CONTROL NUMBER
System control number (Sirsi) u136530
041 0# - LANGUAGE CODE
Language code of text/sound track or separate title eng
100 1# - MAIN ENTRY--PERSONAL NAME
Personal name Grundon, Tim
245 00 - TITLE STATEMENT
Title Salaries and sex
260 ## - PUBLICATION, DISTRIBUTION, ETC.
Date of publication, distribution, etc. 2007
490 #0 - SERIES STATEMENT
Series statement Project
Volume/sequential designation 19(6) December/January 2007, 28-29(2)
520 ## - SUMMARY, ETC.
Summary, etc. Provides key findings from the APM survey of project management, in particular the effects that sex, age and role have on salaries. Reveals that nearly two thirds of project managers under the age of 40 are women, but the highest earners are generally men in the private sector working in London, the Thames Valley region and southeast England. Charts show salary distribution (male/female), job title comparison (male/female) and salary distribution (public/private).
590 ## - LOCAL NOTE (RLIN)
Local note KA
650 24 - SUBJECT ADDED ENTRY--TOPICAL TERM
Topical term or geographic name entry element APM SURVEY OF PROJECT MANAGEMENT
651 #4 - SUBJECT ADDED ENTRY--GEOGRAPHIC NAME
Geographic name United Kingdom
Chronological subdivision
690 ## - LOCAL SUBJECT ADDED ENTRY--TOPICAL TERM (OCLC, RLIN)
Topical term or geographic name as entry element Project management
9 (RLIN) 6261
690 ## - LOCAL SUBJECT ADDED ENTRY--TOPICAL TERM (OCLC, RLIN)
Topical term or geographic name as entry element CAREERS, EDUCATION AND TRAINING-RAISING THE RATIO
942 ## - ADDED ENTRY ELEMENTS (KOHA)
Suppress in OPAC 0
Holdings
Withdrawn status Lost status Source of classification or shelving scheme Damaged status Not for loan Home library Current library Shelving location Date acquired Total Checkouts Full call number Barcode Date last seen Copy number Price effective from Koha item type
    Dewey Decimal Classification     London London Journal article 06/02/2007   L136530 136530-1001 06/08/2019 1 06/08/2019 Journal article